LEADER 00939naa a2200217 u 4500 001 000000095931 003 CaOOAMICUS 005 20070226130144.0 008 040715s1982 it u000 u fre u 020 $a8800851398 (v. 1) 035 $a11004550 040 $aIAR$bita 100 1 $aK?oczowski, Jerzy.$0(OLS)http://pul/name/5988 245 14$aLes Slaves dans la chrétienté aux XIVe et XVIIe siècles /$cJerzy K?oszowski. 260 $aFlorence :$bLe Monnier,$c1982. 300 $av.1, S. 115-126, ;$c21 cm 773 0 $aThe common Christian roots of the European nations.$gv. 1. 773 0 $tThe Common Christian roots of the European nations : an international colloquium in the Vatican$w()5837 996 $6020$a8800851398 (v. 1)$9(OLS)http://pul/number/7566 996 $6245$aLes Slaves dans la chrétienté aux XIVe et XVIIe siècles$9(OLS)http://pul/title/122808 996 $6260$aFlorence :$bLe Monnier$9(OLS)http://pul/publisher/51024 LEADER 01158nam a2200229 u 4500 001 000000087732 003 CaOOAMICUS 005 20070226124434.0 008 051019s1950 it a u000 u ita u 035 $a11064660 040 $aPUL(R)$bita 100 1 $aBartoli, Luciano.$0(OLS)http://pul/name/22233 245 12$aL'arte nella casa di Dio :$bguida, per gli artisti e il clero, alla comprensione liturgica della costruzione, decorazione e arredamento della domus Dei /$cLuciano Bartoli. 260 $aTorino :$bSocietà editrice internazionale,$c1950. 300 $aviii, 599 p. :$bill. ;$c25 cm 504 $aBibliografia in nota. 650 4$aArte sacra.$0(OLS)http://pul/subject/9724 850 $aPUL 852 $aPUL$W1$xDP1 Fondo Pastorale$y55$mP2 E 7$j111185$nBK-PRI$b $qFondi$B111185$CPULBib$Z2$F111185 $HPUL12 $81 941 1 $a1 996 $6245$aL'arte nella casa di Dio :$bguida, per gli artisti e il clero, alla comprensione liturgica della costruzione, decorazione e arredamento della domus Dei$9(OLS)http://pul/title/113484 996 $6260$aTorino :$bSocietà editrice internazionale$9(OLS)http://pul/publisher/48156